Historical Anomalies Quiz Stats

Quiz Updated Nov 16, 2012

Also try: Yoda Does History
Challenge
Share
Tweet
Embed
Score 0/16 Timer 06:00
1 Play Today
% Correct
???
97.9%
???
90.5%
???
85.9%
???
85.6%
???
83.6%
???
78.1%
???
77.6%
???
72.8%
% Correct
???
72.4%
???
70.6%
???
67.5%
???
65.2%
???
65.1%
???
63.4%
???
52.2%
???
51.6%

You're not logged in!

Compare scores with friends on all Sporcle quizzes.
Join for Free
OR
Log In

You Might Also Like...

Show Comments

Extras

Top Quizzes Today


Score Distribution

Your Account Isn't Verified!

In order to create a playlist on Sporcle, you need to verify the email address you used during registration. Go to your Sporcle Settings to finish the process.

Report this User

Report this user for behavior that violates our Community Guidelines.

Details: